[Event "Mediterranean-ch 10th"]
[Site "Beirut"]
[Date "2015.10.25"]
[Round "9"]
[White "Haydar, Amin"]
[Black "El Yazji, Mada"]
[Result "1-0"]
[WhiteElo "1858"]
[BlackElo "1738"]
[PlyCount "47"]
[EventDate "2015.10.16"]
[EventType "swiss"]
[EventRounds "9"]
[EventCountry "LBN"]
[SourceTitle "EXT 2018"]
[Source "ChessBase"]
[SourceDate "2017.10.13"]
[SourceVersion "1"]
[SourceVersionDate "2017.10.13"]
[SourceQuality "1"]

1. e4 c5 2. f4 e6 3. Nf3 d6 4. Nc3 a6 5. d4 cxd4 6. Nxd4 Qc7 7. Nb3 Nf6 8. Bd3 Be7 9. 0-0 Nbd7 10. Qf3 0-0 11. g4 Nc5 12. Nxc5 Qxc5+ 13. Be3 Qc7 14. g5 Nd7 15. Qh5 Nc5 16. Rf3 g6 17. Qh6 f6 18. f5 exf5 19. Nd5 Qd8 20. exf5 Nxd3 21. fxg6 hxg6 22. Qxg6+ Kh8 23. Qh6+ Kg8 24. g6 1-0

[Event "Mediterranean-ch 10th"]
[Site "Beirut"]
[Date "2015.10.21"]
[Round "5"]
[White "Haydar, Amin"]
[Black "Mezioud, Amina"]
[Result "1/2-1/2"]
[WhiteElo "1858"]
[BlackElo "2105"]
[PlyCount "149"]
[EventDate "2015.10.16"]
[EventType "swiss"]
[EventRounds "9"]
[EventCountry "LBN"]
[SourceTitle "EXT 2018"]
[Source "ChessBase"]
[SourceDate "2017.10.13"]
[SourceVersion "1"]
[SourceVersionDate "2017.10.13"]
[SourceQuality "1"]

1. Nf3 d5 2. g3 c5 3. Bg2 Nf6 4. d3 e6 5. 0-0 Be7 6. Nbd2 Nc6 7. e4 b6 8. Re1 Bb7 9. Qe2 h6 10. exd5 exd5 11. c3 0-0 12. d4 Re8 13. Qd1 cxd4 14. Nxd4 Nxd4 15. cxd4 Bd6 16. Nc4 Rxe1+ 17. Qxe1 Bc7 18. Be3 Rb8 19. Ne5 Nd7 20. Nd3 Nf6 21. Ne5 Qe7 22. Qd1 Re8 23. Nd3 Ne4 24. Bf4 Bxf4 25. Nxf4 Qb4 26. b3 Nc3 27. a3 Qb5 28. Qc2 Ne2+ 29. Nxe2 Qxe2 30. Qc7 Qb2 31. Rf1 Ba8 32. Qd7 Rf8 33. Bxd5 Bxd5 34. Qxd5 Qxa3 35. Qc4 a6 36. d5 Rd8 37. Rd1 b5 38. Qd3 Qd6 39. Qc3 b4 40. Qc4 Rd7 41. Rd4 a5 42. Qb5 Ra7 43. Kg2 g6 44. f4 Kg7 45. Kf3 Ra8 46. Rc4 Qe7 47. Re4 Qf6 48. Qc4 a4 49. bxa4 Rxa4 50. Qd4 Ra3+ 51. Ke2 b3 52. Qxf6+ Kxf6 53. Rb4 Ra2+ 54. Kf3 b2 55. Rb6+ Ke7 56. Ke4 h5 57. Ke5 f6+ 58. Kd4 f5 59. Ke5 Kd7 60. Rb7+ Kc8 61. Rb3 Kc7 62. d6+ Kd7 63. Kf6 Kxd6 64. Kxg6 Kc5 65. Kxh5 Kc4 66. Rb8 Kc3 67. Kg5 Kc4 68. h4 Kc3 69. h5 Ra4 70. Rxb2 Kxb2 71. h6 Ra3 72. Kxf5 Rxg3 73. h7 Rh3 74. Kg6 Rg3+ 75. Kf7 1/2-1/2

[Event "Beirut op 8th"]
[Site "Beirut"]
[Date "2015.09.26"]
[Round "8"]
[White "Lakhoyan, Hrag"]
[Black "Haydar, Amin"]
[Result "1/2-1/2"]
[WhiteElo "1389"]
[BlackElo "1882"]
[PlyCount "121"]
[EventDate "2015.09.19"]
[EventType "swiss"]
[EventRounds "9"]
[EventCountry "LBN"]
[SourceTitle "EXT 2016"]
[Source "ChessBase"]
[SourceDate "2015.10.08"]
[SourceVersion "1"]
[SourceVersionDate "2015.10.08"]
[SourceQuality "1"]

1. d4 d5 2. c4 e6 3. Nc3 f5 4. cxd5 exd5 5. Nf3 Nf6 6. Bg5 c6 7. e3 Nbd7 8. Bd3 h6 9. Bxf6 Nxf6 10. 0-0 Ne4 11. Ne5 Qg5 12. f4 Qf6 13. Qh5+ g6 14. Qxg6+ Qxg6 15. Nxg6 Rg8 16. Nxf8 Kxf8 17. Bxe4 fxe4 18. Ne2 h5 19. Rf2 Kf7 20. Raf1 Kf6 21. Rc1 Bd7 22. Nc3 Rg7 23. Na4 b6 24. Nc3 Rag8 25. Kh1 h4 26. b4 b5 27. Nb1 a5 28. a3 axb4 29. axb4 Ra8 30. Nc3 Be8 31. Ra2 Rxa2 32. Nxa2 h3 33. Rc2 Ra7 34. g4 Ra3 35. Re2 Bd7 36. g5+ Kg6 37. Kg1 Bg4 38. Rc2 Rxe3 39. Rxc6+ Kg7 40. Rc7+ Kg8 41. Nc3 Re1+ 42. Kf2 Rh1 43. Kg3 Rg1+ 44. Kh4 e3 45. Re7 Bf5 46. Nxd5 Rd1 47. Nxe3 Rxd4 48. Nxf5 Rxf4+ 49. Kxh3 Rxf5 50. Kg4 Rd5 51. Re4 Kf7 52. h4 Rd1 53. Kh5 Rd8 54. Rf4+ Kg7 55. g6 Rd5+ 56. Kg4 Kxg6 57. Re4 Rd6 58. Rf4 Rd3 59. Re4 Rd6 60. h5+ Kh6 61. Rf4 1/2-1/2

[Event "Beirut op 6th"]
[Site "Beirut"]
[Date "2013.??.??"]
[Round "9"]
[White "Haydar, Amin"]
[Black "Bassel, Charaf"]
[Result "0-1"]
[WhiteElo "1901"]
[BlackElo "2053"]
[PlyCount "116"]
[EventDate "2013.05.17"]
[EventType "swiss"]
[EventRounds "9"]
[EventCountry "LBN"]
[SourceTitle "EXT 2018"]
[Source "ChessBase"]
[SourceDate "2017.10.13"]
[SourceVersion "1"]
[SourceVersionDate "2017.10.13"]
[SourceQuality "1"]

1. g3 d5 2. Bg2 Nf6 3. d3 e5 4. Nd2 Nc6 5. e4 dxe4 6. dxe4 Bc5 7. Ngf3 Be6 8. 0-0 a5 9. c3 a4 10. Qe2 0-0 11. Nc4 Nd7 12. Ng5 Bxc4 13. Qxc4 Qe7 14. Bh3 Nb6 15. Qe2 Na5 16. Nf3 Nac4 17. Nd2 Nxd2 18. Bxd2 c6 19. b4 axb3 20. axb3 Rxa1 21. Rxa1 Ra8 22. Rxa8+ Nxa8 23. b4 Bb6 24. Be3 Bxe3 25. Qxe3 b6 26. f4 g6 27. f5 Kg7 28. g4 g5 29. Bf1 c5 30. bxc5 Qxc5 31. Kf2 Kf6 32. Kf3 Qxe3+ 33. Kxe3 Ke7 34. Kd3 Kd6 35. Kc4 Nc7 36. Kb4 Ne8 37. Be2 Nf6 38. Bf3 Kc6 39. h3 Nd7 40. Bd1 Nc5 41. Bc2 f6 42. Bb1 Na6+ 43. Kc4 b5+ 44. Kd3 Kc5 45. Ba2 b4 46. Bc4 Nc7 47. cxb4+ Kxb4 48. Bf7 Na6 49. Bd5 h6 50. Kd2 Nc5 51. Kc2 Na4 52. Bb7 Kc4 53. Kd2 Kd4 54. Ke2 Nc5 55. Bc6 Nxe4 56. Kf3 Nc3 57. Kg3 Ke3 58. h4 e4 0-1